Statistics for Countries with the Most Mormons

Click here to take the quiz!

General Stats

  • This quiz has been taken 51 times
  • The average score is 23 of 30

Answer Stats

Country# of members (as of 2020)% Correct
Brazil1,429,935
100%
Mexico1,481,530
100%
United States6,721,032
100%
Canada199,054
98%
United Kingdom188,167
96%
Argentina470,843
94%
Australia154,595
94%
Colombia209,985
94%
Chile602,373
92%
New Zealand115,236
92%
Paraguay96,114
90%
Peru619,045
88%
Uruguay107,103
88%
Bolivia212,148
86%
Venezuela168,539
82%
Ecuador253,782
78%
South Africa68,772
78%
Philippines805,209
76%
Guatemala281,465
74%
Japan130,340
72%
South Korea88,622
72%
Honduras180,646
70%
Nicaragua100,331
70%
El Salvador128,881
68%
Dominican Republic143,870
58%
Democratic Republic of the Congo68,871
56%
Nigeria192,144
54%
Ghana89,135
46%
Samoa83,740
36%
Tonga66,361
28%

Score Distribution

Percentile by Number Answered

Percent of People with Each Score

Your Score History

You have not taken this quiz